000 01035cam a2200265 a 4500
999 _c20164
_d20164
001 72704
005 20220304135939.0
008 950919s1996 txua b 001 0 eng
010 _a 95068932
020 _a0030968437
040 _aDLC
_cDLC
_dDLC
050 0 0 _aQH366.2
_b.P74 1996
082 0 0 _a576.8
_221
100 1 _aPrice, Peter W.
_917150
245 1 0 _aBiological evolution /
_cPeter W. Price.
260 _aFort Worth :
_bSaunders College Pub.,
_cc1996.
300 _axviii, 429 p. :
_bill., map ;
_c29 cm.
504 _aIncludes bibliographical references and indexes.
650 0 _aEvolution (Biology)
_917151
856 4 2 _3Publisher description
_uhttp://www.loc.gov/catdir/enhancements/fy1513/95068932-d.html
856 4 1 _3Table of contents only
_uhttp://www.loc.gov/catdir/enhancements/fy1513/95068932-t.html
906 _a7
_bcbc
_corignew
_d3
_eopcn
_f19
_gy-gencatlg
942 _cBK